00322nam a2200121Ia 45000030006000000080041000060400015000471000025000622450053000872600031001405460012001710050017001830STCL150530s9999 xx 000 0 und d aSTCLcSTCL aUniversity of Madras aHistory of Higher Education in South India Vol I bUniversity of Madrasc1957 aEnglish20220125165725.0